[Event "50+ World Senior Team Championship"]
[Site "chess24.com"]
[Date "2017.04.30"]
[Round "7"]
[White "Meskanen, Vesa"]
[Black "Kalantaryan, Norayr"]
[Result "1/2-1/2"]
[Board "4"]
[WhiteElo "2052"]
[WhiteCountry "FIN"]
[WhiteFideId "503126"]
[WhiteEloChange "7"]
[BlackElo "2383"]
[BlackTitle "IM"]
[BlackCountry "ARM"]
[BlackFideId "13300300"]
[BlackEloChange "-7"]

1. d4 {[%clk 1:30:58]} b5 {[%clk 1:30:41]} 2. e4 {[%clk 1:29:22]} Bb7 {[%clk
1:31:05]} 3. Bd3 {[%clk 1:26:57]} Nf6 {[%clk 1:26:35]} 4. Qe2 {[%clk 1:25:20]} e6
{[%clk 1:23:39]} 5. Nf3 {[%clk 1:22:29]} a6 {[%clk 1:23:39]} 6. a4 {[%clk
1:19:27]} b4 {[%clk 1:24:07]} 7. O-O {[%clk 1:11:00]} Be7 {[%clk 1:20:35]} 8. e5
{[%clk 1:01:49]} Nd5 {[%clk 1:20:30]} 9. c4 {[%clk 1:01:35]} bxc3 {[%clk
1:20:39]} 10. Nxc3 {[%clk 1:00:44]} d6 {[%clk 1:18:09]} 11. Ne4 {[%clk 0:57:03]}
h6 {[%clk 1:18:30]} 12. a5 {[%clk 0:44:05]} Nb4 {[%clk 1:09:26]} 13. Bb1 {[%clk
0:40:12]} Nd7 {[%clk 0:58:52]} 14. Bf4 {[%clk 0:33:15]} d5 {[%clk 0:49:59]} 15.
Ng3 {[%clk 0:28:52]} Bc6 {[%clk 0:44:30]} 16. Rc1 {[%clk 0:25:35]} Bb5 {[%clk
0:34:51]} 17. Qd2 {[%clk 0:21:57]} g5 {[%clk 0:30:56]} 18. Nh5 {[%clk 0:19:57]}
Nb8 {[%clk 0:16:01]} 19. Be3 {[%clk 0:17:50]} N8c6 {[%clk 0:15:51]} 20. g4 {[%clk
0:13:51]} Kd7 {[%clk 0:15:52]} 21. Ra3 {[%clk 0:08:41]} Rb8 {[%clk 0:15:52]} 22.
Ne1 {[%clk 0:08:58]} Na7 {[%clk 0:08:09]} 23. Rac3 {[%clk 0:06:32]} c5 {[%clk
0:07:26]} 24. dxc5 {[%clk 0:05:55]} Nac6 {[%clk 0:07:34]} 25. Nf3 {[%clk
0:05:03]} Qxa5 {[%clk 0:05:15]} 1/2-1/2

[Event "50+ World Senior Team Championship"]
[Site "chess24.com"]
[Date "2017.04.30"]
[Round "7"]
[White "Huzman, Alexander"]
[Black "Short, Nigel D"]
[Result "0-1"]
[Board "1"]
[WhiteElo "2550"]
[WhiteTitle "GM"]
[WhiteCountry "ISR"]
[WhiteFideId "2803828"]
[WhiteEloChange "-3"]
[BlackElo "2683"]
[BlackTitle "GM"]
[BlackCountry "ENG"]
[BlackFideId "400025"]
[BlackEloChange "3"]

1. d4 {[%clk 1:30:56]} Nf6 {[%clk 1:30:47]} 2. c4 {[%clk 1:31:07]} e6 {[%clk
1:30:39]} 3. Nf3 {[%clk 1:31:10]} d5 {[%clk 1:30:25]} 4. g3 {[%clk 1:30:28]} Bb4+
{[%clk 1:30:39]} 5. Bd2 {[%clk 1:30:17]} Be7 {[%clk 1:30:50]} 6. Bg2 {[%clk
1:29:51]} O-O {[%clk 1:31:08]} 7. Qc2 {[%clk 1:30:06]} c6 {[%clk 1:30:07]} 8. O-O
{[%clk 1:29:49]} b6 {[%clk 1:29:57]} 9. Bf4 {[%clk 1:26:35]} Bb7 {[%clk 1:30:03]}
10. Rd1 {[%clk 1:26:47]} Nbd7 {[%clk 1:21:57]} 11. Ne5 {[%clk 1:24:39]} b5 {[%clk
1:18:25]} 12. cxb5 {[%clk 1:09:16]} cxb5 {[%clk 1:18:28]} 13. Nc6 {[%clk
1:09:33]} Bxc6 {[%clk 1:18:51]} 14. Qxc6 {[%clk 1:10:00]} Qb6 {[%clk 1:18:03]}
15. Qxb6 {[%clk 1:07:32]} Nxb6 {[%clk 1:18:25]} 16. Rc1 {[%clk 1:07:57]} Rac8
{[%clk 1:11:47]} 17. Nc3 {[%clk 1:07:27]} a6 {[%clk 1:10:54]} 18. Nd1 {[%clk
1:07:39]} Ne4 {[%clk 1:05:03]} 19. Rxc8 {[%clk 1:01:45]} Rxc8 {[%clk 1:05:21]}
20. Rc1 {[%clk 1:02:14]} g5 {[%clk 0:56:35]} 21. Rxc8+ {[%clk 1:01:54]} Nxc8
{[%clk 0:56:59]} 22. Bc1 {[%clk 0:58:17]} g4 {[%clk 0:56:01]} 23. h3 {[%clk
0:42:29]} h5 {[%clk 0:55:54]} 24. hxg4 {[%clk 0:42:44]} hxg4 {[%clk 0:56:18]} 25.
e3 {[%clk 0:43:13]} f5 {[%clk 0:53:56]} 26. Bf1 {[%clk 0:43:18]} Kf7 {[%clk
0:50:23]} 27. Bd3 {[%clk 0:43:21]} Ke8 {[%clk 0:45:42]} 28. Kf1 {[%clk 0:41:59]}
Kd7 {[%clk 0:45:59]} 29. Ke2 {[%clk 0:42:08]} Bb4 {[%clk 0:41:17]} 30. a3 {[%clk
0:38:31]} Ba5 {[%clk 0:40:35]} 31. b3 {[%clk 0:37:30]} Ncd6 {[%clk 0:38:38]} 32.
Bb2 {[%clk 0:36:31]} Kc6 {[%clk 0:37:55]} 33. Bc1 {[%clk 0:36:05]} Nf7 {[%clk
0:34:58]} 34. Bc2 {[%clk 0:30:49]} Nfg5 {[%clk 0:35:06]} 35. b4 {[%clk 0:21:00]}
Bc7 {[%clk 0:28:02]} 36. Nb2 {[%clk 0:19:28]} Nh3 {[%clk 0:21:06]} 37. Nd3 {[%clk
0:19:29]} a5 {[%clk 0:21:25]} 38. bxa5 {[%clk 0:08:30]} Bxa5 {[%clk 0:21:01]} 39.
Bb2 {[%clk 0:08:56]} Ng1+ {[%clk 0:20:31]} 40. Kd1 {[%clk 0:36:19]} Nf3 {[%clk
0:50:42]} 41. Ke2 {[%clk 0:28:01]} Bc3 {[%clk 0:49:01]} 42. Bc1 {[%clk 0:20:55]}
Kd6 {[%clk 0:44:15]} 43. Kd1 {[%clk 0:20:17]} Bxd4 {[%clk 0:44:06]} 0-1

[Event "50+ World Senior Team Championship"]
[Site "chess24.com"]
[Date "2017.04.30"]
[Round "7"]
[White "Soffer, Ram"]
[Black "Speelman, Jon S"]
[Result "0-1"]
[Board "3"]
[WhiteElo "2508"]
[WhiteTitle "GM"]
[WhiteCountry "ISR"]
[WhiteFideId "2800101"]
[WhiteEloChange "-5"]
[BlackElo "2511"]
[BlackTitle "GM"]
[BlackCountry "ENG"]
[BlackFideId "400033"]
[BlackEloChange "5"]

1. d4 {[%clk 1:30:52]} Nf6 {[%clk 1:30:17]} 2. c4 {[%clk 1:31:05]} e6 {[%clk
1:30:41]} 3. Nc3 {[%clk 1:31:23]} d5 {[%clk 1:30:52]} 4. cxd5 {[%clk 1:31:43]}
Nxd5 {[%clk 1:31:16]} 5. e4 {[%clk 1:31:22]} Nxc3 {[%clk 1:31:40]} 6. bxc3 {[%clk
1:31:49]} c5 {[%clk 1:32:05]} 7. Nf3 {[%clk 1:31:49]} cxd4 {[%clk 1:32:22]} 8.
cxd4 {[%clk 1:32:14]} Bb4+ {[%clk 1:32:46]} 9. Bd2 {[%clk 1:32:38]} Bxd2+ {[%clk
1:33:00]} 10. Qxd2 {[%clk 1:33:02]} O-O {[%clk 1:33:01]} 11. Bc4 {[%clk 1:31:39]}
Nd7 {[%clk 1:32:24]} 12. O-O {[%clk 1:29:49]} b6 {[%clk 1:32:35]} 13. Rfe1 {[%clk
1:16:27]} Bb7 {[%clk 1:32:56]} 14. Rad1 {[%clk 1:16:35]} Rc8 {[%clk 1:32:11]} 15.
Bb3 {[%clk 1:15:19]} Qf6 {[%clk 1:28:56]} 16. Re3 {[%clk 1:09:06]} Rfd8 {[%clk
1:26:08]} 17. Qe2 {[%clk 1:07:03]} h6 {[%clk 1:18:11]} 18. h3 {[%clk 1:03:05]} a6
{[%clk 1:15:40]} 19. a4 {[%clk 0:57:07]} Qe7 {[%clk 1:12:43]} 20. Bc4 {[%clk
0:47:54]} a5 {[%clk 1:08:17]} 21. Rb1 {[%clk 0:41:31]} Rc7 {[%clk 1:07:24]} 22.
Bb5 {[%clk 0:35:24]} Rdc8 {[%clk 1:05:20]} 23. Qb2 {[%clk 0:32:19]} Rc2 {[%clk
1:04:25]} 24. Qa1 {[%clk 0:30:13]} Nf6 {[%clk 1:03:51]} 25. Ne1 {[%clk 0:28:33]}
R2c7 {[%clk 0:57:15]} 26. f3 {[%clk 0:28:11]} Nh5 {[%clk 0:57:19]} 27. Qb2 {[%clk
0:23:21]} Nf4 {[%clk 0:51:28]} 28. Qf2 {[%clk 0:18:57]} Qd8 {[%clk 0:47:19]} 29.
Reb3 {[%clk 0:17:42]} Bc6 {[%clk 0:43:14]} 30. Kh2 {[%clk 0:15:49]} Bxb5 {[%clk
0:42:36]} 31. Rxb5 {[%clk 0:16:13]} Rc4 {[%clk 0:40:09]} 32. Qd2 {[%clk 0:12:20]}
g5 {[%clk 0:35:30]} 33. Rxb6 {[%clk 0:12:30]} Qxd4 {[%clk 0:34:41]} 34. Qxd4
{[%clk 0:12:10]} Rxd4 {[%clk 0:35:06]} 35. Ra1 {[%clk 0:11:18]} Rcc4 {[%clk
0:34:28]} 36. Rb5 {[%clk 0:11:23]} Rxa4 {[%clk 0:34:52]} 37. Rxa5 {[%clk
0:11:46]} Rxa5 {[%clk 0:33:16]} 38. Rxa5 {[%clk 0:12:07]} Rd1 {[%clk 0:32:51]}
39. Nc2 {[%clk 0:12:28]} Rd2 {[%clk 0:32:14]} 40. Ne3 {[%clk 0:40:39]} Re2 {[%clk
1:01:43]} 41. Ra3 {[%clk 0:38:25]} h5 {[%clk 1:00:58]} 42. Kg1 {[%clk 0:34:31]}
h4 {[%clk 0:59:00]} 43. Kf1 {[%clk 0:33:03]} Kf8 {[%clk 0:56:02]} 44. e5 {[%clk
0:20:07]} Kg7 {[%clk 0:55:05]} 45. Rb3 {[%clk 0:20:05]} Ra2 {[%clk 0:53:32]} 46.
Rc3 {[%clk 0:17:44]} Ra5 {[%clk 0:53:23]} 47. Rc2 {[%clk 0:15:35]} Rxe5 {[%clk
0:53:19]} 48. Ng4 {[%clk 0:15:48]} Ra5 {[%clk 0:53:07]} 49. Kf2 {[%clk 0:15:46]}
f5 {[%clk 0:52:18]} 50. Ne3 {[%clk 0:16:07]} Kf6 {[%clk 0:52:33]} 51. Rd2 {[%clk
0:16:28]} Ra1 {[%clk 0:51:47]} 52. Nc4 {[%clk 0:16:27]} Nh5 {[%clk 0:50:40]} 53.
Ke3 {[%clk 0:14:45]} Rc1 {[%clk 0:48:57]} 54. Nb2 {[%clk 0:13:57]} Nf4 {[%clk
0:42:54]} 55. Kf2 {[%clk 0:13:50]} Ke5 {[%clk 0:42:50]} 56. Nd1 {[%clk 0:12:29]}
Kf6 {[%clk 0:40:20]} 57. Ne3 {[%clk 0:11:13]} Rb1 {[%clk 0:39:35]} 58. Nc4 {[%clk
0:11:10]} Nh5 {[%clk 0:39:40]} 59. Ke3 {[%clk 0:11:13]} Ng3 {[%clk 0:40:02]} 60.
Kd3 {[%clk 0:11:12]} Re1 {[%clk 0:39:55]} 61. Ra2 {[%clk 0:11:07]} Nh5 {[%clk
0:39:58]} 62. Rf2 {[%clk 0:09:43]} Nf4+ {[%clk 0:40:05]} 63. Kd2 {[%clk 0:09:47]}
Ra1 {[%clk 0:38:51]} 64. Ne3 {[%clk 0:08:53]} Ke5 {[%clk 0:31:53]} 65. Nc2 {[%clk
0:08:38]} Rb1 {[%clk 0:28:24]} 66. Na3 {[%clk 0:07:51]} Rg1 {[%clk 0:27:11]} 67.
Nc4+ {[%clk 0:08:04]} Kd5 {[%clk 0:26:35]} 68. Ne3+ {[%clk 0:08:27]} Kd4 {[%clk
0:27:00]} 69. Nc2+ {[%clk 0:08:50]} Ke5 {[%clk 0:27:27]} 70. Ne3 {[%clk 0:08:46]}
Nd5 {[%clk 0:26:06]} 71. Nxd5 {[%clk 0:01:37]} exd5 {[%clk 0:24:33]} 72. f4+
{[%clk 0:02:00]} gxf4 {[%clk 0:24:59]} 73. Re2+ {[%clk 0:01:56]} Kd4 {[%clk
0:25:17]} 74. Rf2 {[%clk 0:02:16]} f3 {[%clk 0:25:43]} 75. gxf3 {[%clk 0:02:26]}
Ra1 {[%clk 0:26:06]} 0-1

[Event "50+ World Senior Team Championship"]
[Site "chess24.com"]
[Date "2017.04.30"]
[Round "7"]
[White "Chapman, Terry P D"]
[Black "Zilberman, Yaacov"]
[Result "1/2-1/2"]
[Board "4"]
[WhiteElo "2247"]
[WhiteTitle "FM"]
[WhiteCountry "ENG"]
[WhiteFideId "413399"]
[WhiteEloChange "5"]
[BlackElo "2430"]
[BlackTitle "GM"]
[BlackCountry "ISR"]
[BlackFideId "2801612"]
[BlackEloChange "-2"]

1. Nf3 {[%clk 1:30:56]} c5 {[%clk 1:30:23]} 2. c4 {[%clk 1:30:43]} Nc6 {[%clk
1:30:22]} 3. g3 {[%clk 1:28:44]} g6 {[%clk 1:30:21]} 4. Bg2 {[%clk 1:29:10]} Bg7
{[%clk 1:30:44]} 5. O-O {[%clk 1:29:30]} d6 {[%clk 1:30:27]} 6. Nc3 {[%clk
1:29:13]} Nf6 {[%clk 1:30:48]} 7. d4 {[%clk 1:28:45]} cxd4 {[%clk 1:31:10]} 8.
Nxd4 {[%clk 1:29:14]} Bd7 {[%clk 1:31:26]} 9. Nc2 {[%clk 1:25:14]} O-O {[%clk
1:31:32]} 10. Rb1 {[%clk 1:21:34]} Rb8 {[%clk 1:26:49]} 11. b3 {[%clk 1:20:10]}
a6 {[%clk 1:20:58]} 12. Bb2 {[%clk 1:12:42]} b5 {[%clk 1:15:34]} 13. Nd5 {[%clk
1:12:51]} Ne8 {[%clk 1:13:44]} 14. Bxg7 {[%clk 1:12:30]} Nxg7 {[%clk 1:10:32]}
15. cxb5 {[%clk 1:04:08]} axb5 {[%clk 1:08:26]} 16. Qd2 {[%clk 1:00:13]} Ne6
{[%clk 1:04:31]} 17. Rbc1 {[%clk 0:54:52]} Re8 {[%clk 1:02:51]} 18. Rfd1 {[%clk
0:48:23]} Ra8 {[%clk 0:46:28]} 19. Ncb4 {[%clk 0:35:53]} Nxb4 {[%clk 0:46:32]}
20. Nxe7+ {[%clk 0:27:26]} Qxe7 {[%clk 0:45:07]} 21. Bxa8 {[%clk 0:27:52]} Rxa8
{[%clk 0:44:54]} 22. Qxb4 {[%clk 0:28:18]} Rxa2 {[%clk 0:41:57]} 23. Qxd6 {[%clk
0:26:45]} Qxd6 {[%clk 0:42:02]} 24. Rxd6 {[%clk 0:27:14]} Nf8 {[%clk 0:41:24]}
25. Kf1 {[%clk 0:20:53]} Rb2 {[%clk 0:38:43]} 26. Rc3 {[%clk 0:19:39]} Rb1+
{[%clk 0:35:31]} 27. Kg2 {[%clk 0:20:05]} h5 {[%clk 0:35:28]} 28. f3 {[%clk
0:11:59]} Kg7 {[%clk 0:33:37]} 29. h4 {[%clk 0:11:44]} Rb2 {[%clk 0:30:28]} 30.
Kf2 {[%clk 0:11:54]} Be6 {[%clk 0:23:29]} 31. Rb6 {[%clk 0:11:56]} 1/2-1/2

[Event "50+ World Senior Team Championship"]
[Site "chess24.com"]
[Date "2017.04.30"]
[Round "7"]
[White "Wallner, Joachim"]
[Black "Kantsler, Boris"]
[Result "1/2-1/2"]
[Board "1"]
[WhiteElo "2313"]
[WhiteTitle "FM"]
[WhiteCountry "AUT"]
[WhiteFideId "1608720"]
[WhiteEloChange "3"]
[BlackElo "2436"]
[BlackTitle "GM"]
[BlackCountry "ISR"]
[BlackFideId "2805359"]
[BlackEloChange "-2"]

1. e4 {[%clk 1:30:55]} c5 {[%clk 1:30:50]} 2. Nf3 {[%clk 1:31:03]} e6 {[%clk
1:31:13]} 3. d4 {[%clk 1:30:53]} cxd4 {[%clk 1:31:41]} 4. Nxd4 {[%clk 1:31:19]}
a6 {[%clk 1:32:08]} 5. Nc3 {[%clk 1:30:24]} Qc7 {[%clk 1:32:04]} 6. Bd3 {[%clk
1:28:45]} Nc6 {[%clk 1:32:16]} 7. Nxc6 {[%clk 1:27:48]} bxc6 {[%clk 1:32:22]} 8.
O-O {[%clk 1:27:57]} Nf6 {[%clk 1:32:31]} 9. Re1 {[%clk 1:26:20]} e5 {[%clk
1:32:29]} 10. f4 {[%clk 1:20:04]} Bc5+ {[%clk 1:30:13]} 11. Kh1 {[%clk 1:19:36]}
h5 {[%clk 1:27:49]} 12. Qf3 {[%clk 1:16:37]} Ng4 {[%clk 1:27:47]} 13. h3 {[%clk
1:07:04]} Nf2+ {[%clk 1:15:50]} 14. Kh2 {[%clk 1:07:28]} Ng4+ {[%clk 1:16:11]}
15. Kh1 {[%clk 1:07:33]} Nf2+ {[%clk 1:14:17]} 16. Kh2 {[%clk 1:07:28]} Ng4+
{[%clk 1:14:36]} 17. Kh1 {[%clk 1:07:07]} Nf2+ {[%clk 1:14:50]} 1/2-1/2

[Event "50+ World Senior Team Championship"]
[Site "chess24.com"]
[Date "2017.04.30"]
[Round "7"]
[White "Druckenthaner, Andreas"]
[Black "Maryasin, Boris"]
[Result "1/2-1/2"]
[Board "3"]
[WhiteElo "2258"]
[WhiteTitle "FM"]
[WhiteCountry "AUT"]
[WhiteFideId "1600567"]
[WhiteEloChange "2"]
[BlackElo "2335"]
[BlackTitle "IM"]
[BlackCountry "ISR"]
[BlackFideId "2801892"]
[BlackEloChange "-2"]

1. e4 {[%clk 1:30:30]} c5 {[%clk 1:30:30]} 2. Nf3 {[%clk 1:30:30]} Nc6 {[%clk
1:30:30]} 3. d4 {[%clk 1:30:30]} cxd4 {[%clk 1:30:30]} 4. Nxd4 {[%clk 1:30:30]}
Qb6 {[%clk 1:30:30]} 5. Nb5 {[%clk 1:30:30]} Nf6 {[%clk 1:30:30]} 6. Be3 {[%clk
1:30:30]} Qd8 {[%clk 1:30:30]} 7. N1c3 {[%clk 1:30:30]} a6 {[%clk 1:30:30]} 8.
Na3 {[%clk 1:30:30]} b5 {[%clk 1:30:30]} 9. Nd5 {[%clk 1:30:30]} Rb8 {[%clk
1:30:30]} 10. Nxf6+ {[%clk 1:30:30]} gxf6 {[%clk 1:30:30]} 11. g3 {[%clk
1:30:30]} d6 {[%clk 1:30:30]} 12. Bg2 {[%clk 1:30:30]} Ne5 {[%clk 1:30:30]} 13.
O-O {[%clk 1:30:30]} Bg7 {[%clk 1:30:30]} 14. Ba7 {[%clk 1:30:30]} Rb7 {[%clk
1:30:30]} 15. Bd4 {[%clk 1:30:30]} Bg4 {[%clk 1:30:30]} 16. f3 {[%clk 1:30:30]}
Be6 {[%clk 1:30:30]} 17. f4 {[%clk 1:30:30]} b4 {[%clk 1:30:30]} 18. Nb1 {[%clk
1:30:30]} Bg4 {[%clk 1:30:30]} 19. Qd2 {[%clk 1:30:30]} Nc6 {[%clk 1:30:30]} 20.
f5 {[%clk 1:30:30]} Be2 {[%clk 1:30:30]} 21. Re1 {[%clk 1:30:30]} Bb5 {[%clk
1:30:30]} 22. a4 {[%clk 1:30:30]} Nxd4 {[%clk 1:30:30]} 23. Qxd4 {[%clk 1:28:32]}
Bd7 {[%clk 1:30:31]} 24. Nd2 {[%clk 1:27:33]} Qb6 {[%clk 1:30:34]} 25. Qxb6
{[%clk 1:27:11]} Rxb6 {[%clk 1:30:55]} 26. Nc4 {[%clk 1:26:25]} Rc6 {[%clk
1:30:37]} 27. b3 {[%clk 1:26:35]} Rc5 {[%clk 1:30:55]} 28. Bf1 {[%clk 1:23:29]}
Bh6 {[%clk 1:28:33]} 29. Ne3 {[%clk 1:22:19]} Bxe3+ {[%clk 1:28:35]} 30. Rxe3
{[%clk 1:22:41]} a5 {[%clk 1:28:17]} 31. Bc4 {[%clk 1:22:55]} Bc6 {[%clk
1:28:27]} 32. Kf2 {[%clk 1:21:17]} O-O {[%clk 1:28:41]} 33. g4 {[%clk 1:21:03]}
Rc8 {[%clk 1:28:43]} 34. Bd3 {[%clk 1:18:05]} Kf8 {[%clk 1:27:01]} 35. Rg1 {[%clk
1:15:55]} h6 {[%clk 1:24:19]} 36. h4 {[%clk 1:15:01]} d5 {[%clk 1:22:01]} 37.
exd5 {[%clk 1:15:03]} Rxd5 {[%clk 1:22:11]} 38. g5 {[%clk 1:14:33]} hxg5 {[%clk
1:19:53]} 39. hxg5 {[%clk 1:14:51]} Bd7 {[%clk 1:19:03]} 40. g6 {[%clk 1:09:57]}
Bxf5 {[%clk 1:16:17]} 41. gxf7 {[%clk 1:03:10]} Kxf7 {[%clk 1:12:23]} 42. Bc4
{[%clk 1:03:04]} Rxc4 {[%clk 1:12:37]} 43. bxc4 {[%clk 1:03:26]} Rd2+ {[%clk
1:13:03]} 44. Re2 {[%clk 1:02:52]} Rd4 {[%clk 1:13:17]} 45. Rg2 {[%clk 0:56:10]}
Rxc4 {[%clk 1:13:23]} 46. Ke1 {[%clk 0:55:36]} Rc3 {[%clk 1:13:21]} 47. Rgf2
{[%clk 0:54:34]} Bg6 {[%clk 1:11:19]} 48. Rd2 {[%clk 0:54:24]} Ra3 {[%clk
1:09:52]} 49. Rd7 {[%clk 0:53:54]} Ra1+ {[%clk 1:10:02]} 50. Kd2 {[%clk 0:54:16]}
Bxc2 {[%clk 1:08:48]} 51. Ra7 {[%clk 0:53:46]} Bxa4 {[%clk 1:05:06]} 52. Rxa5
{[%clk 0:53:52]} Ra2+ {[%clk 1:05:16]} 53. Ke3 {[%clk 0:54:14]} Rxf2 {[%clk
1:05:34]} 54. Kxf2 {[%clk 0:54:32]} Bc2 {[%clk 1:05:34]} 55. Ke3 {[%clk 0:54:34]}
e5 {[%clk 1:05:48]} 56. Ra6 {[%clk 0:53:56]} Kg6 {[%clk 1:05:50]} 57. Rb6 {[%clk
0:53:50]} b3 {[%clk 1:06:12]} 58. Kf3 {[%clk 0:53:16]} Kg5 {[%clk 1:06:06]} 59.
Rb4 {[%clk 0:51:54]} f5 {[%clk 1:05:56]} 60. Rb5 {[%clk 0:52:12]} Kf6 {[%clk
1:02:54]} 61. Rb6+ {[%clk 0:52:30]} Ke7 {[%clk 1:03:00]} 62. Ke3 {[%clk 0:52:28]}
Kd7 {[%clk 1:03:18]} 63. Kd2 {[%clk 0:52:42]} f4 {[%clk 1:03:24]} 64. Rf6 {[%clk
0:50:56]} Ke7 {[%clk 1:03:42]} 65. Rb6 {[%clk 0:50:09]} e4 {[%clk 1:03:57]} 66.
Ke1 {[%clk 0:49:47]} Kd7 {[%clk 1:03:50]} 67. Kd2 {[%clk 0:49:33]} e3+ {[%clk
1:03:49]} 68. Ke2 {[%clk 0:49:55]} Bf5 {[%clk 0:58:55]} 69. Rxb3 {[%clk 0:49:09]}
Bg4+ {[%clk 0:58:55]} 70. Kd3 {[%clk 0:49:11]} Ke6 {[%clk 0:58:40]} 71. Rb8
{[%clk 0:47:05]} Ke5 {[%clk 0:58:46]} 72. Re8+ {[%clk 0:46:55]} Be6 {[%clk
0:59:08]} 73. Ke2 {[%clk 0:46:09]} Kf5 {[%clk 0:59:22]} 74. Re7 {[%clk 0:45:48]}
Bc4+ {[%clk 0:58:44]} 75. Kf3 {[%clk 0:46:14]} Bd5+ {[%clk 0:59:02]} 76. Ke2
{[%clk 0:46:28]} Be6 {[%clk 0:58:16]} 77. Kf3 {[%clk 0:46:50]} Ke5 {[%clk
0:57:30]} 78. Re8 {[%clk 0:47:00]} Kf6 {[%clk 0:57:20]} 79. Rb8 {[%clk 0:46:34]}
Kg5 {[%clk 0:57:14]} 80. Rb5+ {[%clk 0:46:47]} 1/2-1/2

[Event "50+ World Senior Team Championship"]
[Site "chess24.com"]
[Date "2017.04.30"]
[Round "7"]
[White "Polyakov, Alex"]
[Black "Ernst, Michael"]
[Result "1/2-1/2"]
[Board "4"]
[WhiteElo "2223"]
[WhiteCountry "ISR"]
[WhiteFideId "2807220"]
[WhiteEloChange "-2"]
[BlackElo "2141"]
[BlackCountry "AUT"]
[BlackFideId "1618393"]
[BlackEloChange "2"]

1. Nf3 {[%clk 1:30:50]} d5 {[%clk 1:30:36]} 2. d4 {[%clk 1:31:12]} Bf5 {[%clk
1:30:55]} 3. Bf4 {[%clk 1:28:59]} e6 {[%clk 1:30:54]} 4. Nbd2 {[%clk 1:28:22]}
Bd6 {[%clk 1:30:40]} 5. Bg3 {[%clk 1:28:41]} Nf6 {[%clk 1:28:06]} 6. e3 {[%clk
1:28:29]} O-O {[%clk 1:26:27]} 7. c4 {[%clk 1:28:38]} Bxg3 {[%clk 1:25:11]} 8.
hxg3 {[%clk 1:29:04]} c6 {[%clk 1:24:53]} 9. Be2 {[%clk 1:26:21]} h6 {[%clk
1:23:55]} 10. O-O {[%clk 1:26:21]} Nbd7 {[%clk 1:24:12]} 11. Rc1 {[%clk 1:20:06]}
Qb6 {[%clk 1:21:13]} 12. Qb3 {[%clk 1:17:28]} Ne4 {[%clk 1:18:53]} 13. Rfd1
{[%clk 1:15:36]} Rfc8 {[%clk 1:15:33]} 14. Qa3 {[%clk 1:10:21]} Qd8 {[%clk
1:14:18]} 15. Nxe4 {[%clk 1:04:42]} Bxe4 {[%clk 1:14:09]} 16. Nd2 {[%clk
1:04:50]} Bg6 {[%clk 1:14:01]} 17. Bf3 {[%clk 0:59:33]} Nf6 {[%clk 1:12:22]} 18.
Rc3 {[%clk 0:51:05]} Qf8 {[%clk 1:03:47]} 19. Qa5 {[%clk 0:34:39]} Qd8 {[%clk
1:03:35]} 20. Qa3 {[%clk 0:34:46]} Qf8 {[%clk 1:04:02]} 21. Qb3 {[%clk 0:35:05]}
Qe7 {[%clk 1:03:31]} 22. Rdc1 {[%clk 0:35:11]} Rd8 {[%clk 1:02:18]} 23. Qa3
{[%clk 0:32:50]} Qxa3 {[%clk 0:59:35]} 24. Rxa3 {[%clk 0:33:17]} Bh5 {[%clk
0:48:56]} 25. Bxh5 {[%clk 0:31:45]} Nxh5 {[%clk 0:49:24]} 26. Nb3 {[%clk
0:31:50]} dxc4 {[%clk 0:46:47]} 27. Na5 {[%clk 0:31:15]} b5 {[%clk 0:37:50]} 28.
Nxc6 {[%clk 0:31:29]} Rd7 {[%clk 0:37:44]} 29. Ra6 {[%clk 0:31:38]} Rb7 {[%clk
0:24:43]} 30. a3 {[%clk 0:31:35]} Nf6 {[%clk 0:23:37]} 31. f3 {[%clk 0:27:43]}
Nd5 {[%clk 0:23:05]} 32. e4 {[%clk 0:26:01]} Nc7 {[%clk 0:23:14]} 33. Na5 {[%clk
0:26:24]} Rbb8 {[%clk 0:20:00]} 34. Rc6 {[%clk 0:26:14]} Ne8 {[%clk 0:19:30]} 35.
Kf2 {[%clk 0:26:03]} Rc8 {[%clk 0:19:37]} 36. Ke3 {[%clk 0:24:29]} Kf8 {[%clk
0:19:46]} 37. g4 {[%clk 0:20:36]} Rxc6 {[%clk 0:16:43]} 38. Nxc6 {[%clk 0:21:03]}
Nc7 {[%clk 0:16:49]} 39. Na5 {[%clk 0:17:28]} Ke8 {[%clk 0:14:11]} 40. b3 {[%clk
0:47:48]} cxb3 {[%clk 0:43:44]} 41. Nxb3 {[%clk 0:48:13]} Kd8 {[%clk 0:43:22]}
42. Na5 {[%clk 0:48:00]} Kd7 {[%clk 0:43:09]} 43. Rc5 {[%clk 0:46:38]} Rb8 {[%clk
0:41:19]} 44. Nc6 {[%clk 0:46:51]} Rb7 {[%clk 0:41:27]} 45. Rc2 {[%clk 0:44:12]}
f6 {[%clk 0:36:31]} 46. Na5 {[%clk 0:42:58]} Rb6 {[%clk 0:35:23]} 47. Nb3 {[%clk
0:43:25]} Rc6 {[%clk 0:32:24]} 48. Nc5+ {[%clk 0:42:19]} Ke7 {[%clk 0:32:01]} 49.
Kd3 {[%clk 0:42:29]} Kd6 {[%clk 0:26:42]} 50. f4 {[%clk 0:38:57]} Ke7 {[%clk
0:25:11]} 51. f5 {[%clk 0:38:31]} Kd6 {[%clk 0:22:54]} 52. g3 {[%clk 0:28:03]}
Ke7 {[%clk 0:22:14]} 53. e5 {[%clk 0:24:38]} fxe5 {[%clk 0:19:45]} 54. dxe5
{[%clk 0:25:04]} a5 {[%clk 0:18:43]} 55. Rc3 {[%clk 0:15:14]} Nd5 {[%clk
0:17:12]} 56. Rc1 {[%clk 0:15:17]} Nb6 {[%clk 0:13:45]} 57. Kd4 {[%clk 0:13:34]}
Na4 {[%clk 0:11:50]} 58. Nb3 {[%clk 0:13:35]} Rxc1 {[%clk 0:11:42]} 59. Nxc1
{[%clk 0:14:03]} Nb2 {[%clk 0:09:30]} 60. Ne2 {[%clk 0:08:17]} Nd1 {[%clk
0:07:51]} 1/2-1/2